01115cam a22003015a 4500003000900000005001700009008004100026020001500067040004300082082002000125100004100145245008500186246004400271264005200315264001000367300002300377336002600400337002800426338002700454650004800481650005400529651001000583653002800593655002400621942001900645999001500664952013400679EG-ScBUE20220628113816.0180829t1987 nyu f d 000 0 eng d a0816010129 aEG-ScBUEbengerdacEG-ScBUEdEG-ScBUE04a422.03bHEN2221 aHendrickson, Robert,d1933-eauthor.14aThe facts on file encyclopedia of word and phrase origins /cRobert Hendrickson.30aEncyclopedia of word and phrase origins 1aNew York :bFacts on File Publications,c[1987] 4cc1987 a581 pages ;c29 cm 2rdacontentatextbtxt 2rdamediaaunmediatedbn 2rdacarrieravolumebnc 7aEnglish languagexTerms and phrases.2BUEsh 7aEnglish languagexEtymologyxDictionaries.2BUEsh 2BUEsh bHHUUEENNcSeptember2018 vReading book934232 2ddccREFERENCE c9578d9578 00102ddc40708AlahramaMAINbMAINc2NDd2008-05-22ePurchaseg219.20l0o422.03 HENp000011625r2025-07-15 00:00:00yREFERENCE